Science Quiz

Random Science or Elements Quiz

5 Letters or Fewer Elements Quiz Stats

 Plays Quiz Updated Sep 24, 2018

Score 0/10 Timer 02:00
2 Plays Today
% Correct
Gold
83.9%
Neon
75.8%
Iron
75%
Boron
71.6%
Argon
65.8%
Tin
64.6%
Lead
64.5%
Xenon
62.5%
Zinc
55.3%
Radon
50.5%

You're not logged in!

Compare scores with friends on all Sporcle quizzes.
OR
Log In

Sporcle TV

Today on Sporcle TV


Watch our educational content, quiz creation guides, and fun videos on Sporcle TV.

Show Comments

Extras

Top Quizzes Today


Score Distribution

Your Account Isn't Verified!

In order to create a playlist on Sporcle, you need to verify the email address you used during registration. Go to your Sporcle Settings to finish the process.

Report this User

Report this user for behavior that violates our Community Guidelines.

Details: